000 00680nam a2200241Ia 4500
005 20260430150440.0
008 008 250103s9999 xx 000 0 eng d
037 _aTheses
040 _aCRL
040 _beng
040 _ceng
041 _2eng
041 _aeng
084 _qCRL
100 _aSantosh Kumar Au.; Acharya Ashok Gu.
_91237534
245 0 _aGlobal Poverty and the Politics of Redistribution: Innovating an Institutional Framework
260 _c2022
300 _a212p.
650 _aPolitical Science
700 _aUniversity of Delhi. Faculty of Social Sciences. Deptt. of Political Science
_91237295
942 _cTH
999 _c1849805
_d1849805